003780000a220010900045001000024000002450076000243000037001007730016001379420008001539520090001619990017002511 aKirkpatrick, Sherri10aUna iniciativa de los niños : Tratamiento de úlceras en las piernas aNúm 42 (2000), Páginas 10-110 tPaso a paso cANA 001040708HEMaFUSBCbFUSBCd2016-01-26l0o r2016-01-26 00:00:00w2016-01-26yANA c52523d52523